ბათუმის შოთა რუსთაველის სახელმწიფო უნივერსიტეტის ბიბლიოთეკა

ნაპოლეონი. წ. 1, გენერალი ბონაპარტი / (ბიბ.ჩანაწერი № 56562)

000 -ლიდერი
ფიქსირებული სიგრძის საკონტროლო ველი 01365nam a2200265Ia 4500
001 - საკონტროლო ნომერი
საკონტროლო ველი 23676
003 - საკონტროლო ნომრის იდენტიფიკატორი
საკონტროლო ველი GE_BSU
005 - ბოლო ოპერაციის თარიღი და დრო
საკონტროლო ველი 20260312165410.0
008 - ფიქსირებული სიგრძის მონაცემთა ელემენტები - ზოგადი ინფორმაცია
ფიქსირებული სიგრძის საკონტროლო ველი 181216s1998||||ge |||||||||||||| ||geo||
040 ## - კატალოგიზაციის წყარო
Transcribing agency GE_BSU
041 ## - ენის კოდი
Language code of text/sound track or separate title geo
080 ## - უნივერსალური ათობითი კლასიფიკაციის ინდექსი
Universal Decimal Classification number 32(44)(092) + 94(44)"1769-1821 ც-74
100 ## - მთავარი ჩანაწერი - პიროვნების სახელი
Personal name ცისკარიშვილი, დიმიტრი
9 (RLIN) 25905
245 ## - ცნობა სათაურის შესახებ
Title ნაპოლეონი. წ. 1, გენერალი ბონაპარტი /
Statement of responsibility, etc დიმიტრი ცისკარიშვილი ; [რედ. იზა ზაალიშვილი] ; [მხატვ.: თამაზ შარიფაშვილი]
264 ## - წარმოების, გამოცემის, დისტრიბუციის და სხვა ცნობები
გამოცემის, წარმოების, დისტრიბუციის... ადგილი თბილისი :
გამოცემის, წარმოების, დისტრიბუციის... სახელწოდება ლომისი,
გამოცემის, წარმოების, დისტრიბუციის... თარიღი 1998.
300 ## - ფიზიკური აღწერა
Extent 487 გვ. :
Other physical details ილ. ;
Dimensions 22 სმ.
520 ## - SUMMARY, ETC.
Summary, etc პარალ. სათ. ფრანგ. ენ. რეზ. ფრანგ.
653 ## - INDEX TERM--UNCONTROLLED
Uncontrolled term ნაპოლეონი. წ. 1 : გენერალი ბონაპარტი
653 ## - INDEX TERM--UNCONTROLLED
Uncontrolled term საფრანგეთის ისტორია, 1769-1821 წწ.
653 ## - INDEX TERM--UNCONTROLLED
Uncontrolled term ნაპოლეონ I, 1769-1821
700 ## - ADDED ENTRY--PERSONAL NAME
Personal name ზაალიშვილი, იზა
Relator term რედაქტორი
9 (RLIN) 27121
700 ## - ADDED ENTRY--PERSONAL NAME
Personal name შარიფაშვილი, თამაზ
Relator term მხატვარი
9 (RLIN) 27122
942 ## - ADDED ENTRY ELEMENTS (KOHA)
Koha item type წიგნი
Source of classification or shelving scheme
ეგზემპლარები
ჩამოწერის სტატუსი დაკარგული ეგზემპლარის სტატუსი კლასიფიკაციის წყარო ან თაროზე გაწყობის სქემა დაზიანების სტატუსი არ გაიცემა მუდმივი მდებარეობა (დაცვის ადგილი) ამჟამინდელი ადგილსამყოფელი თაროზე განთავსების ადგილი შეძენის თარიღი ღირებულება, შესყიდვის ნორმალური ფასი სრული შენახვის შიფრი შტრიხკოდი ბოლო ოპერაციის თარიღი ეგზემპლარის მიმდევრობითი ნომერი (კეტერი?) ფასის ძალაში შესვლის თარიღი ეგზემპლარის სახეობა საჯარო შენიშვნა
          ბათუმის შოთა რუსთაველის სახელმწიფო უნივერსიტეტის მთავარი ბიბლიოთეკა ბათუმის შოთა რუსთაველის სახელმწიფო უნივერსიტეტის მთავარი ბიბლიოთეკა წიგნსაცავი 2018-12-17 12.00 32(44)(092) + 94(44) ც-74 28493 2018-12-17 28493 2018-12-17 წიგნი 12.00 ₾.